000 00788nam a22002057a 4500
008 170909b xxu||||| |||| 00| 0 eng d
050 _a0-07-111551-X
082 _aDC 658.15 B74c 2006
100 _922500
_aBrealey, Richard A.
_eauthor.
245 _aCorporate finance/
_c Richard A. Brealey, Stewart C. Myers, Franklin Allen.
250 _aEight edition.
260 _aBoston :
_bMcGraw-Hill/Irwin,
_cc2006.
300 _axxviii, 1028 p. :
_billustration ;
_c26 cm.
440 _922503
_aThe McGraw-Hill/Irwin series in finance, insurance and real estate
500 _aIncludes bibliographical references and index.
650 0 _922504
_aCorporations --
_xFinance.
700 _922501
_aMyers, Stewart C.
_eauthor.
700 _922502
_aAllen, Franklin
_eauthor.
942 _2ddc
_cDC
999 _c7427
_d7427